Cryptogram by Category Quiz Stats

 Plays Quiz Updated Aug 21, 2014

Challenge
Share
Tweet
Embed
Score 0/54 Timer 16:00
0 Plays Today
% Correct
U.S. StatesOHIO
97.2%
U.S. StatesMAINE
83.9%
U.S. StatesTEXAS
82.9%
U.S. StatesWASHINGTON
81.7%
U.S. StatesWYOMING
79.7%
ElementsNEON
77.9%
CountriesGHANA
74.6%
U.S. StatesFLORIDA
71.9%
CountriesMOROCCO
71.7%
CountriesHONDURAS
71.3%
Best PicturesCRASH
68.2%
CountriesSURINAME
68.2%
Best PicturesGIGI
67.3%
CountriesLITHUANIA
66.5%
UK Prime MinistersBLAIR
63.4%
Best PicturesAMADEUS
62.3%
Best PicturesROCKY
62.2%
Best PicturesPATTON
61.6%
MLB TeamsCUBS
58.6%
MLB TeamsWHITE SOX
58%
CountriesZIMBABWE
57.6%
ElementsTUNGSTEN
57.4%
Best PicturesUNFORGIVEN
57.1%
Asian CapitalsTOKYO
57%
ElementsBERYLLIUM
56.8%
ElementsIODINE
56.7%
Emmys (Drama)LOST
55.6%
% Correct
UK Prime MinistersCHURCHILL
55.4%
Emmys (Drama)MAD MEN
53.8%
ElementsPLATINUM
52.8%
MLB TeamsBLUE JAYS
52.6%
MLB TeamsMARINERS
52%
Emmys (Drama)THE WEST WING
52%
MLB TeamsMARLINS
51.9%
MLB TeamsGIANTS
51.8%
Emmys (Drama)HILL STREET BLUES
48.6%
Asian CapitalsTAIPEI
48.4%
UK Prime MinistersATTLEE
47.5%
ElementsVANADIUM
47.1%
Asian CapitalsDHAKA
46.7%
Emmys (Drama)LOU GRANT
46.6%
UK Prime MinistersBALFOUR
45%
Classic NovelsULYSSES
44.7%
Classic NovelsWAR AND PEACE
44.1%
Classic NovelsTHE GREAT GATSBY
43.2%
Asian CapitalsPHNOM PENH
42.6%
Asian CapitalsDUSHANBE
42.2%
Classic NovelsMOBY DICK
40.9%
Classic NovelsLORD OF THE FLIES
40.2%
Asian CapitalsBISHKEK
39.8%
UK Prime MinistersCALLAGHAN
39.3%
Emmys (Drama)PICKET FENCES
37.9%
Classic NovelsFRANKENSTEIN
35.9%
UK Prime MinistersASQUITH
31.1%

You're not logged in!

Compare scores with friends on all Sporcle quizzes.
Join for Free
OR
Log In

You Might Also Like...

Show Comments

Extras

Top Quizzes Today


Score Distribution

Your Account Isn't Verified!

In order to create a playlist on Sporcle, you need to verify the email address you used during registration. Go to your Sporcle Settings to finish the process.

Report this User

Report this user for behavior that violates our Community Guidelines.

Details: